Assyrisches Handwörterbuch /

Bibliographic Details
Main Author: Delitzsch, Friedrich, 1850-1922
Format: Book
Language:German
Published: Leipzig : Baltimore : J. C. Hinrichs ; The John Hopkins Press, 1896.
Subjects:

MARC

Tag First Indicator Second Indicator Subfields
LEADER 00000cam a2200000 4500
001 in00000008618
005 20151003080007.0
008 720118s1896 gw bd 00010 ger
010 |a  21019439  
035 |a (OCoLC)00223167 
035 |9 AAA1015AM 
040 |a DLC  |c HUC  |d m/c  |d TXA  |d UtOrBLW 
050 0 |a PJ3540  |b .D4 1896 
100 1 |a Delitzsch, Friedrich,  |d 1850-1922. 
245 1 0 |a Assyrisches Handwörterbuch /  |c von Friedrich Delitzsch. 
264 1 |a Leipzig :  |b J. C. Hinrichs ;  |a Baltimore :  |b The John Hopkins Press,  |c 1896. 
300 |a xx, 730 pages ;  |c 24 cm. 
336 |a text  |b txt  |2 rdacontent 
337 |a unmediated  |b n  |2 rdamedia 
338 |a volume  |b nc  |2 rdacarrier 
500 |a Supersedes his Assyrisches Wörterbuch zur gesamten bisher veröffentlichten Keilschriftliteratur, 1887-90 of which only 3 fascicles were published. 
500 |a Published in four fascicles, 1894-96. 
504 |a Bibliography: pages [v]-xiii. 
500 |a "Umschriftsweisen": p.xv-xx. 
650 0 |a Akkadian language  |x Dictionaries. 
999 |a MARS 
999 f f |s c4a40acd-d4e0-30ac-b370-48e410aa6031  |i 849994de-c00b-3e95-81af-a78d7311f9ef  |t 0 
952 f f |p ric  |a Texas A&M University  |b Rellis Campus  |c Joint Library Facility  |s JLF  |d Remote Storage  |t 0  |e PJ3540 .D4 1896  |h Library of Congress classification  |i unmediated -- volume  |m A14812561784 
998 f f |a PJ3540 .D4 1896  |t 0  |l Remote Storage